5HLuxD.jpg

KING HENRY VIII SENIOR AND PRIMARY SCHOOL LIBRARY OPAC

Evolution : (Record no. 328)

000 -LEADER
fixed length control field 01974cam a2200469Ii 4500
001 - CONTROL NUMBER
control field 960468206
003 - CONTROL NUMBER IDENTIFIER
control field OCoLC
005 - DATE AND TIME OF LATEST TRANSACTION
control field 20190806110605.0
008 - FIXED-LENGTH DATA ELEMENTS--GENERAL INFORMATION
fixed length control field 161012t20162016enka e 001 0 eng
020 ## - INTERNATIONAL STANDARD BOOK NUMBER
International Standard Book Number 9780714871189 (hardback)
020 ## - INTERNATIONAL STANDARD BOOK NUMBER
International Standard Book Number 0714871184 (hardback)
035 ## - SYSTEM CONTROL NUMBER
System control number (OCoLC)960468206
Canceled/invalid control number (OCoLC)949911181
040 ## - CATALOGING SOURCE
Original cataloging agency AU@
Language of cataloging eng
Description conventions rda
Transcribing agency AU@
Description conventions rda
Modifying agency OCLCO
-- CLE
-- ORX
-- OCLCO
-- YDXCP
-- BTCTA
-- BDX
-- ERASA
-- GK8
-- NYP
049 ## - LOCAL HOLDINGS (OCLC)
Holding library NYPP
082 04 - DEWEY DECIMAL CLASSIFICATION NUMBER
Classification number 576.802 CLA
Edition number 23
091 ## - MICROFILM SHELF LOCATION (AM) [OBSOLETE]
Microfilm shelf location 576.8
100 1# - MAIN ENTRY--PERSONAL NAME
Personal name Clark, Robert,
Dates associated with a name 1961-
Relator term photographer.
245 10 - TITLE STATEMENT
Title Evolution :
Remainder of title a visual record /
Statement of responsibility, etc. photographs by Robert Clark ; foreword by David Quammen ; text by Joseph Wallace.
264 #1 - PRODUCTION, PUBLICATION, DISTRIBUTION, MANUFACTURE, AND COPYRIGHT NOTICE
Place of production, publication, distribution, manufacture London ;
-- New York :
Name of producer, publisher, distributor, manufacturer Phaidon Press,
Date of production, publication, distribution, manufacture, or copyright notice 2016.
264 #4 - PRODUCTION, PUBLICATION, DISTRIBUTION, MANUFACTURE, AND COPYRIGHT NOTICE
Date of production, publication, distribution, manufacture, or copyright notice ℗♭2016.
300 ## - PHYSICAL DESCRIPTION
Extent 239 pages :
Other physical details colour illustrations ;
Dimensions 26 cm.
336 ## - CONTENT TYPE
Content type term text
Content type code txt
Source rdacontent.
336 ## - CONTENT TYPE
Content type term still image
Content type code sti
Source rdacontent.
337 ## - MEDIA TYPE
Media type term unmediated
Media type code n
Source rdamedia.
338 ## - CARRIER TYPE
Carrier type term volume
Carrier type code nc
Source rdacarrier.
500 ## - GENERAL NOTE
General note Includes index.
520 ## - SUMMARY, ETC.
Summary, etc. Through 200 revelatory images, award-winning photographer Robert Clark makes one of the most important foundations of science clear and exciting to everyone. Evolution: A Visual Record transports readers from the near-mystical (human ancestors) to the historic (the famous 'finches' Darwin collected on the Gal©Łpagos Islands that spurred his theory); the recently understood (the link between dinosaurs and modern birds) to the simply astonishing.
600 10 - SUBJECT ADDED ENTRY--PERSONAL NAME
Personal name Darwin, Charles,
Dates associated with a name 1809-1882.
650 #0 - SUBJECT ADDED ENTRY--TOPICAL TERM
Topical term or geographic name entry element Evolution (Biology)
General subdivision History.
650 #0 - SUBJECT ADDED ENTRY--TOPICAL TERM
Topical term or geographic name entry element Evolution (Biology)
General subdivision Pictorial works.
650 #0 - SUBJECT ADDED ENTRY--TOPICAL TERM
Topical term or geographic name entry element Life
General subdivision Origin.
650 #0 - SUBJECT ADDED ENTRY--TOPICAL TERM
Topical term or geographic name entry element Natural history
Form subdivision Pictorial works.
700 1# - ADDED ENTRY--PERSONAL NAME
Personal name Wallace, Joseph E.,
Relator term author.
700 1# - ADDED ENTRY--PERSONAL NAME
Personal name Quammen, David,
Dates associated with a name 1948-
Relator term writer of foreword.
901 ## - LOCAL DATA ELEMENT A, LDA (RLIN)
a MARS
901 ## - LOCAL DATA ELEMENT A, LDA (RLIN)
a wch
b CATBL
908 #4 - PUT COMMAND PARAMETER (RLIN)
Put command parameter QH367
942 ## - ADDED ENTRY ELEMENTS (KOHA)
Source of classification or shelving scheme
Koha item type Books - Non Ficton
945 ## - LOCAL PROCESSING INFORMATION (OCLC)
a .b211043710
946 ## - LOCAL PROCESSING INFORMATION (OCLC)
a m
Holdings
Withdrawn status Lost status Source of classification or shelving scheme Damaged status Not for loan Collection code Permanent Location Current Location Shelving location Date acquired Full call number Barcode Date last seen Price effective from Koha item type
          Non-Fiction KH8 Senior School Library KH8 Senior School Library Non Fiction 2019-08-06 576.802 CLA 3KHSL000100110 2024-10-29 2019-08-06 Books - Non Ficton

Powered By KH8 IT Dept